| 000 | 00784nam a2200193 a 4500 | ||
|---|---|---|---|
| 001 | 000024266 | ||
| 005 | 20200930022848.0 | ||
| 008 | 110125s2001 mx r 000 | spa d | ||
| 020 | _a9685087342 | ||
| 040 |
_aDO-SdBNP _bspa _cBNPHU |
||
| 082 |
_axxx _bC733c |
||
| 245 | 0 | 0 |
_aPedagogía ignaciana : _bun planteamiento práctico / _cComisión Internacional para el Apostolado Educativo de la Compañía de Jesús. |
| 260 |
_aMéxico, D. F. : _bInstituto Tecnológico y de Estudios Superiores de Occidente(ITESO), _c2001. |
||
| 300 |
_a81 p. ; _a22 cm. |
||
| 490 |
_aPedagogía Ignaciana _v2 |
||
| 500 | _aIncluye notas al pie de páginas | ||
| 710 | 2 |
_aComisión Internacional para el Apostolado Educativo de la Compañía de Jesús. _949813 |
|
| 830 | 0 |
_aPedagogía Ignaciana; _v2 _928552 |
|
| 999 |
_c23760 _d23760 |
||